| 000 | 00795cam a22002535a 4500 | ||
|---|---|---|---|
| 001 | 16948808 | ||
| 005 | 20161116151428.0 | ||
| 008 | 110906t2013 maua frd 001 0 eng d | ||
| 020 | _a9781449628079 | ||
| 020 | _a1449628079 | ||
| 040 |
_aDLC _cDLC _dYDX _dYDXCP _dDLC _dEG-ScBUE _beng |
||
| 082 | 0 | 4 |
_a005.2762 _222 _bBUE |
| 100 | 1 | _aBuell, Duncan A. | |
| 245 | 1 | 0 |
_aData structures using Java / _cDuncan A. Buell. |
| 260 |
_aBurlington : _bJones & Bartlett Learning, _cc.2013. |
||
| 300 |
_axvi, 391 p. : _bill. ; _c24 cm. |
||
| 500 | _aIndex : p. 369-391. | ||
| 500 | _aGlossary : p. 347-369. | ||
| 650 | 7 |
_aData structures (Computer science) _2BUEsh _912448 |
|
| 650 | 7 |
_aJava (Computer program language) _2BUEsh _93407 |
|
| 651 | _2BUEsh | ||
| 653 |
_bCOMSCI _cNovember2016 |
||
| 942 | _2ddc | ||
| 999 |
_c23170 _d23142 |
||